[Event "Russian Championship (women blitz)"]
[Site "Sochi"]
[Date "2017.10.02"]
[Round "19.10"]
[White "Sukhareva, Evgeniya"]
[Black "Ambartsumova, Karina"]
[Result "0-1"]
[LiveChessVersion "1.4.8"]
[BlackElo "2347"]
[WhiteElo "2143"]

1. d4 {[%clk 0:03:03]} Nf6 {[%clk 0:03:04]} 2. c4 {[%clk 0:03:04]} g6
{[%clk 0:03:05]} 3. Nc3 Bg7 4. e4 {[%clk 0:03:04]} d6 {[%clk 0:03:08]} 5. h3
{[%clk 0:03:05]} O-O {[%clk 0:03:02]} 6. Be3 {[%clk 0:03:06]} c6 {[%clk 0:03:04]}
7. Be2 {[%clk 0:03:00]} a6 {[%clk 0:03:05]} 8. a4 {[%clk 0:02:59]} a5
{[%clk 0:03:06]} 9. g4 {[%clk 0:02:55]} Na6 {[%clk 0:03:07]} 10. Nf3
{[%clk 0:02:54]} Nb4 {[%clk 0:03:08]} 11. Nd2 {[%clk 0:02:43]} Nd7
{[%clk 0:02:51]} 12. h4 {[%clk 0:02:37]} e5 {[%clk 0:02:25]} 13. d5
{[%clk 0:02:33]} Nc5 {[%clk 0:02:26]} 14. Bxc5 {[%clk 0:01:09]} dxc5
{[%clk 0:02:27]} 15. g5 {[%clk 0:01:08]} f6 {[%clk 0:02:18]} 16. Rg1
{[%clk 0:00:40]} Qe7 {[%clk 0:01:53]} 17. Nf3 {[%clk 0:00:41]} f5
{[%clk 0:01:35]} 18. Nd2 {[%clk 0:00:23]} Qf7 {[%clk 0:01:16]} 19. f3
{[%clk 0:00:24]} Bd7 {[%clk 0:01:12]} 20. Qb3 {[%clk 0:00:19]} b6
{[%clk 0:00:56]} 21. O-O-O {[%clk 0:00:19]} Rab8 {[%clk 0:00:41]} 22. dxc6
{[%clk 0:00:18]} Nxc6 {[%clk 0:00:38]} 23. Kb1 {[%clk 0:00:16]} Nd4
{[%clk 0:00:39]} 24. Qa2 {[%clk 0:00:17]} Bc6 {[%clk 0:00:35]} 25. Ka1
{[%clk 0:00:17]} Rfd8 {[%clk 0:00:35]} 26. Rge1 {[%clk 0:00:17]} f4
{[%clk 0:00:33]} 27. Qb1 {[%clk 0:00:18]} Rd6 {[%clk 0:00:30]} 28. b3
{[%clk 0:00:19]} Rbd8 {[%clk 0:00:30]} 29. Nd5 {[%clk 0:00:20]} Bxd5
{[%clk 0:00:30]} 30. cxd5 {[%clk 0:00:19]} Rb8 {[%clk 0:00:24]} 31. Bc4
{[%clk 0:00:16]} Qe8 {[%clk 0:00:18]} 32. Qa2 {[%clk 0:00:16]} Qd8
{[%clk 0:00:14]} 33. Rf1 {[%clk 0:00:14]} Ra8 {[%clk 0:00:14]} 34. Nb1
{[%clk 0:00:12]} b5 {[%clk 0:00:13]} 35. Bxb5 {[%clk 0:00:10]} Rb6
{[%clk 0:00:11]} 36. Nc3 {[%clk 0:00:10]} Rab8 {[%clk 0:00:09]} 37. Rb1
{[%clk 0:00:09]} Bf8 {[%clk 0:00:09]} 38. Bc4 {[%clk 0:00:09]} Bg7
{[%clk 0:00:09]} 39. Nb5 {[%clk 0:00:10]} Qd7 {[%clk 0:00:09]} 40. Nxd4
{[%clk 0:00:10]} exd4 {[%clk 0:00:06]} 41. Rbd1 {[%clk 0:00:09]} d3+
{[%clk 0:00:05]} 42. Kb1 Rb4 43. Kc1 {[%clk 0:00:06]} Rxc4+ {[%clk 0:00:05]} 44.
bxc4 {[%clk 0:00:06]} Rb2 {[%clk 0:00:06]} 45. Qxb2 {[%clk 0:00:07]} Bxb2+
{[%clk 0:00:06]} 46. Kxb2 {[%clk 0:00:08]} Qg7+ {[%clk 0:00:06]} 47. Kb3
{[%clk 0:00:07]} Qb7+ {[%clk 0:00:07]} 48. Ka2 {[%clk 0:00:07]} Qb4
{[%clk 0:00:06]} 49. Rb1 {[%clk 0:00:06]} Qxa4+ {[%clk 0:00:06]} 50. Kb2
{[%clk 0:00:07]} Qc2+ {[%clk 0:00:07]} 51. Ka3 {[%clk 0:00:08]} Qc3+
{[%clk 0:00:07]} 52. Ka2 {[%clk 0:00:09]} Qxc4+ {[%clk 0:00:08]} 53. Ka3
{[%clk 0:00:09]} d2 {[%clk 0:00:05]} 54. Rfd1 {[%clk 0:00:07]} Qc3+
{[%clk 0:00:05]} 55. Ka2 {[%clk 0:00:08]} Qc2+ {[%clk 0:00:06]} 56. Ka3
{[%clk 0:00:09]} c4 {[%clk 0:00:06]} 57. e5 {[%clk 0:00:06]} Qd3+
{[%clk 0:00:06]} 58. Ka2 {[%clk 0:00:07]} Qxd5 {[%clk 0:00:07]} 59. e6
{[%clk 0:00:06]} c3+ {[%clk 0:00:09]} 60. Ka3 {[%clk 0:00:06]} Qxe6
{[%clk 0:00:08]} 61. Rb8+ {[%clk 0:00:06]} Kf7 {[%clk 0:00:07]} 62. Rdb1
{[%clk 0:00:06]} Qd6+ {[%clk 0:00:08]} 63. Ka2 {[%clk 0:00:08]} d1=Q
{[%clk 0:00:06]} 64. R1b7+ {[%clk 0:00:06]} Qxb8 65. Rxb8 {[%clk 0:00:04]} Qd7
{[%clk 0:00:06]} 66. Rh8 {[%clk 0:00:05]} Qa4+ {[%clk 0:00:07]} 0-1

[Event "Russian Championship (women blitz)"]
[Site "Sochi"]
[Date "2017.10.02"]
[Round "19.14"]
[White "Protopopova, Anastasiya"]
[Black "Belova, Olga"]
[Result "0-1"]
[LiveChessVersion "1.4.8"]
[BlackElo "2089"]
[WhiteElo "2009"]

1. d4 {[%clk 0:03:03]} d5 {[%clk 0:03:01]} 2. Nf3 {[%clk 0:03:03]} Nf6
{[%clk 0:03:01]} 3. c4 {[%clk 0:03:04]} c6 {[%clk 0:03:02]} 4. g3
{[%clk 0:02:55]} g6 {[%clk 0:02:56]} 5. Bg2 {[%clk 0:02:53]} Bg7 {[%clk 0:02:57]}
6. O-O {[%clk 0:02:53]} Ne4 {[%clk 0:02:56]} 7. Nbd2 {[%clk 0:02:34]} O-O
{[%clk 0:02:50]} 8. Nxe4 {[%clk 0:02:21]} dxe4 {[%clk 0:02:50]} 9. Ne1
{[%clk 0:02:15]} Qxd4 {[%clk 0:02:39]} 10. Qxd4 {[%clk 0:02:06]} Bxd4
{[%clk 0:02:40]} 11. Nc2 {[%clk 0:02:01]} Bg7 {[%clk 0:02:35]} 12. Bxe4
{[%clk 0:01:57]} Be6 {[%clk 0:02:30]} 13. Ne3 {[%clk 0:01:34]} Nd7
{[%clk 0:02:26]} 14. Rb1 {[%clk 0:01:28]} Nc5 {[%clk 0:02:23]} 15. Bc2
{[%clk 0:01:27]} a5 {[%clk 0:02:23]} 16. b3 {[%clk 0:01:24]} Rfd8
{[%clk 0:02:18]} 17. Ba3 {[%clk 0:01:24]} Bd4 {[%clk 0:02:06]} 18. Ng2
{[%clk 0:01:11]} b6 {[%clk 0:01:36]} 19. Nf4 {[%clk 0:01:08]} Bc8
{[%clk 0:01:02]} 20. Rfd1 {[%clk 0:00:57]} g5 {[%clk 0:00:51]} 21. Ng2
{[%clk 0:00:32]} Bg4 {[%clk 0:00:51]} 22. Kf1 {[%clk 0:00:25]} e6
{[%clk 0:00:29]} 23. f3 {[%clk 0:00:20]} Bh3 {[%clk 0:00:30]} 24. Bb2
{[%clk 0:00:07]} Bxb2 {[%clk 0:00:29]} 25. Rxb2 {[%clk 0:00:07]} Rxd1+
{[%clk 0:00:30]} 26. Bxd1 {[%clk 0:00:08]} Rd8 {[%clk 0:00:31]} 27. Rb1
{[%clk 0:00:05]} Rd2 {[%clk 0:00:22]} 28. Kf2 {[%clk 0:00:06]} Rxa2
{[%clk 0:00:20]} 29. Ne3 {[%clk 0:00:06]} Bf5 {[%clk 0:00:19]} 30. Nxf5
{[%clk 0:00:05]} exf5 {[%clk 0:00:20]} 31. Ke3 {[%clk 0:00:04]} Kg7
{[%clk 0:00:17]} 32. f4 {[%clk 0:00:04]} Ne4 {[%clk 0:00:17]} 33. Rc1
{[%clk 0:00:04]} Rb2 {[%clk 0:00:17]} 34. fxg5 {[%clk 0:00:04]} Nxg5
{[%clk 0:00:17]} 35. Kf4 {[%clk 0:00:05]} Kf6 {[%clk 0:00:17]} 36. e3
{[%clk 0:00:06]} Ne6+ {[%clk 0:00:18]} 37. Kf3 {[%clk 0:00:07]} Ng5+
{[%clk 0:00:18]} 38. Kf4 {[%clk 0:00:06]} Rf2+ {[%clk 0:00:19]} 39. Ke5+ Kxe5 0-1